000 01388cam a2200385 a 4500
001 17268602
003 OSt
005 20150408114220.0
008 120420s2013 moua f b 001 0 eng
010 _a 2012016475
020 _a9781455706167 (pbk.)
035 _a(DNLM)101582778
040 _aDNLM/DLC
_cDLC
_dDLC
042 _apcc
050 0 0 _aRM706
_b.H36 2013
060 1 0 _aWB 18
082 0 0 _a615.82071 HTH
245 0 0 _aHandbook of teaching and learning for physical therapists /
_c[edited by] Gail M. Jensen, Elizabeth Mostrom.
250 _a3rd ed.
260 _aSt. Louis, Mo. :
_bElsevier/Butterworth-Heinemann,
_cc2013.
300 _axiii, 290 p. :
_bill. ;
_c28 cm
500 _aRev. ed. of: Handbook of teaching for physical therapists / edited by Katherine F. Shepard, Gail M. Jensen. 2nd ed. c2002.
504 _aIncludes bibliographical references and index.
650 1 2 _aPhysical Therapy Specialty
_xeducation.
_945770
650 2 2 _aCurriculum.
650 2 2 _aLearning.
650 2 2 _aPhysical Therapists
_xeducation.
_945771
650 2 2 _aTeaching
_xmethods.
_910103
700 1 _aJensen, Gail M.
_945772
700 1 _aMostrom, Elizabeth.
_945773
730 0 _aHandbook of teaching for physical therapists.
_945774
906 _a7
_bcbc
_corignew
_d1
_eecip
_f20
_gy-gencatlg
942 _2ddc
_cBOOK
999 _c35339
_d269839